MARC

LEADER 00000nam0a2200000 4500
001 674009
005 20240809120720.0
090 |a 674009 
100 |a 20240809d1979 k||y0rusy50 ca 
101 0 |a rus  |a eng 
102 |a RU 
105 |a a z 001yy 
181 0 |a i   |b  e  
182 0 |a n 
183 0 |a nc  |2 RDAcarrier 
200 1 |a Грунт из материкового района Луны  |e сборник статей  |d Regolith from the highland region of the Moon  |g Институт геохимии и аналитической химии АН СССР; под ред. В. Л. Барсукова, Ю. А. Суркова 
203 |a Текст  |b визуальный  |c непосредственный 
210 |a Москва  |c Наука  |d 1979 
215 |a 708 с.  |c ил. 
283 |a volume  |2 RDAcarrier 
320 |a Библиогр. в конце статьи 
606 1 |a Луна  |x Грунты  |9 60479 
610 1 |a лунный грунт 
610 1 |a астрономия 
610 1 |a реголит 
610 1 |a материковые районы 
610 1 |a автоматическая станция "Луна" 
610 1 |a исследования 
610 1 |a происхождения 
610 1 |a формирование 
610 1 |a химический состав 
610 1 |a химическая структура 
610 1 |a образцы 
675 |a 523.34  |v 4 
702 1 |4 340  |a Барсунов  |b В. Л. 
702 1 |4 340  |a Сурков  |b Ю. А. 
712 0 2 |a Академия наук СССР  |b Институт геохимии и аналитической химии им. В. И. Вернадского  |c (Москва)  |4 570  |9 25078 
801 0 |a RU  |b 63413507  |c 20240809 
830 |a Ретро2024Каталогизация Кузнецова 
850 |a 63413507 
942 |c BK